[Event "Maikop University"]
[Site "Maikop"]
[Date "1998.06.01"]
[Round "1"]
[White "Yakovich Yuri"]
[Black "Savchenko Stanislav"]
[Result "1-0"]
[WhiteElo "2570"]
[BlackElo "2595"]
[PlyCount "79"]
[EventDate "1998.06.01"]

1. d4 d5 2. c4 dxc4 3. e3 e6 4. Bxc4 c5 5. Nf3 Nf6 6. O-O Nc6 7. Nc3 a6 8. Qe2
b5 9. Bb3 cxd4 10. Rd1 Na5 11. Nxd4 Qc7 12. e4 Bb7 13. Bg5 Nxb3 14. axb3 Bd6
15. Bxf6 gxf6 16. Qh5 Qc5 17. Nxe6 Qxh5 18. Ng7+ Ke7 19. Nxh5 Be5 20. Rd2 Bxc3
21. bxc3 Rhd8 22. Rc2 Rac8 23. f3 Rc5 24. Ng3 Bc8 25. Kf2 Rd3 26. Ne2 Be6 27.
Rb2 Rc6 28. Ke1 Rcd6 29. Rc1 Rc6 30. Rd1 Rxd1+ 31. Kxd1 a5 32. Kd2 Ra6 33. Nd4
a4 34. Ra2 Rd6 35. Kc1 Bxb3 36. Nxb3 axb3 37. Rb2 Rc6 38. Kd2 Rd6+ 39. Ke3 Rc6
40. Rxb3 1-0

[Event "Maikop University"]
[Site "Maikop"]
[Date "1998.06.01"]
[Round "1"]
[White "Filippov Valerij"]
[Black "Fominyh Alexander"]
[Result "0-1"]
[WhiteElo "2595"]
[BlackElo "2530"]
[PlyCount "134"]
[EventDate "1998.06.01"]

1. Nf3 d5 2. d4 Nf6 3. c4 dxc4 4. e3 Bg4 5. Bxc4 e6 6. Nc3 Nbd7 7. h3 Bh5 8.
O-O Be7 9. e4 c6 10. Be3 O-O 11. Be2 Bb4 12. e5 Nd5 13. Nxd5 cxd5 14. Qb3 Qb6
15. g4 Bg6 16. Nh4 Rac8 17. Nxg6 fxg6 18. f4 Nb8 19. f5 gxf5 20. gxf5 Nc6 21.
Qd3 Be7 22. fxe6 Nb4 23. Qb3 Qxe6 24. Bg4 Qg6 25. a3 Nc2 26. Qxd5+ Kh8 27. Qxb7
Rfe8 28. Kh1 Rb8 29. Qf3 Rf8 30. Bf5 Qa6 31. Qe4 Nxa1 32. Rxa1 Qe2 33. Bg1
Qxe4+ 34. Bxe4 Rxb2 35. Bc6 a5 36. d5 Rf3 37. Bd7 h5 38. d6 Bg5 39. Bh2 a4 40.
Re1 Kh7 41. Bc6 Rxh3 42. Bg2 Rh4 43. Rf1 Re2 44. d7 Rxe5 45. Kg1 Re2 46. Rf5
Bd8 47. Bg3 Rg4 48. Rxh5+ Kg6 49. Rh3 Rd4 50. Bf1 Rd1 51. Bf2 Re5 52. Rd3 Rg5+
53. Bg3 Rxd3 54. Bxd3+ Kf6 55. Kf2 Rd5 56. Ke2 Rxd7 57. Bb5 Ra7 58. Bf2 Ra5 59.
Bd4+ Kg6 60. Be8+ Kh6 61. Bc3 Ra7 62. Kd3 Be7 63. Bd4 Ra5 64. Bc3 Ra7 65. Bd4
Ra6 66. Bb5 Ra5 67. Bc6 Bxa3 0-1

[Event "Maikop University"]
[Site "Maikop"]
[Date "1998.06.01"]
[Round "1"]
[White "Makarov Marat"]
[Black "Pigusov Evgeny"]
[Result "1/2-1/2"]
[WhiteElo "2540"]
[BlackElo "2575"]
[PlyCount "53"]
[EventDate "1998.06.01"]

1. Nf3 Nf6 2. g3 b6 3. Bg2 Bb7 4. O-O c5 5. d3 g6 6. e4 d6 7. Nh4 Nc6 8. c3 e5
9. f4 exf4 10. Bxf4 Bg7 11. Bg5 Qe7 12. Na3 h6 13. Bf4 O-O 14. Nc4 Rad8 15. Qd2
Kh7 16. Rae1 Nh5 17. Be3 b5 18. Na3 Ba6 19. b4 Nf6 20. Kh1 Ng4 21. Bg1 Nge5 22.
Nc2 c4 23. d4 Nd3 24. Re2 Qd7 25. Ne1 Nxe1 26. Rexe1 Bb7 27. a4 1/2-1/2

[Event "Maikop University"]
[Site "Maikop"]
[Date "1998.06.01"]
[Round "1"]
[White "Prokopchuk Evgeny"]
[Black "Sherbakov Ruslan"]
[Result "0-1"]
[WhiteElo "2500"]
[BlackElo "2555"]
[PlyCount "88"]
[EventDate "1998.06.01"]

1. e4 c5 2. Nf3 Nc6 3. d4 cxd4 4. Nxd4 Nf6 5. Nc3 d6 6. Bg5 a6 7. Qd2 Qb6 8.
Nb3 e6 9. O-O-O Be7 10. f3 O-O 11. g4 Qc7 12. Be3 b5 13. g5 Nd7 14. f4 Nb6 15.
Bd3 Re8 16. h4 b4 17. Ne2 a5 18. Kb1 d5 19. Bxb6 Qxb6 20. exd5 exd5 21. h5 a4
22. Nbd4 b3 23. Nxc6 Qxc6 24. cxb3 axb3 25. a3 Bg4 26. Rc1 Qb6 27. Nc3 Bxa3 28.
bxa3 Rxa3 29. Nb5 Ra4 30. h6 Rea8 31. Qb2 Ra1+ 32. Qxa1 Rxa1+ 33. Kxa1 Qf2 34.
Bc2 bxc2 35. Nc3 Qd2 36. Kb2 d4 37. Nd5 Be6 38. Ne7+ Kf8 39. Rxc2 Qb4+ 40. Kc1
Qa3+ 41. Kb1 Kxe7 42. hxg7 Qb3+ 43. Kc1 Qa3+ 44. Kb1 Qb3+ 0-1

[Event "Maikop University"]
[Site "Maikop"]
[Date "1998.06.01"]
[Round "1"]
[White "Shovunov Baatr"]
[Black "Eismont Oleg"]
[Result "0-1"]
[WhiteElo "2475"]
[BlackElo "2470"]
[PlyCount "68"]
[EventDate "1998.06.01"]

1. e4 d6 2. d4 Nf6 3. Nc3 e5 4. dxe5 dxe5 5. Qxd8+ Kxd8 6. Bg5 Be6 7. O-O-O+
Nbd7 8. f4 exf4 9. Nf3 h6 10. Bxf4 c6 11. Nd4 Bb4 12. Nxe6+ fxe6 13. Bc4 Ke7
14. Rhe1 Nh5 15. a3 Nxf4 16. axb4 Ne5 17. Bf1 b5 18. g3 Nh5 19. Bg2 Nf6 20. b3
a5 21. Nd5+ Kf7 22. Nf4 axb4 23. Bh3 g5 24. Bxe6+ Ke7 25. Bh3 gxf4 26. gxf4 Nf3
27. Rf1 Nxh2 28. Rh1 Ra1+ 29. Kb2 Rxd1 30. Rxd1 h5 31. e5 Nd5 32. Rh1 Nf3 33.
Bg2 Nd4 34. f5 Nxf5 0-1

[Event "Maikop University"]
[Site "Maikop"]
[Date "1998.06.01"]
[Round "1"]
[White "Drozdov Igor"]
[Black "Kozak Alexander"]
[Result "1/2-1/2"]
[WhiteElo "2440"]
[BlackElo "2365"]
[PlyCount "48"]
[EventDate "1998.06.01"]

1. e4 c5 2. Nf3 e6 3. d4 cxd4 4. Nxd4 a6 5. Be2 Nf6 6. Nc3 Qc7 7. O-O b5 8. Bf3
Bb7 9. e5 b4 10. exf6 bxc3 11. bxc3 gxf6 12. Rb1 Nc6 13. Bf4 Qxf4 14. Rxb7 Nxd4
15. cxd4 Rc8 16. d5 Qa4 17. Bh5 Be7 18. dxe6 dxe6 19. Bxf7+ Kxf7 20. Qh5+ Kf8
21. Qh6+ Kf7 22. Qh5+ Kf8 23. Qh6+ Kf7 24. Qh5+ Kf8 1/2-1/2

[Event "Maikop University"]
[Site "Maikop"]
[Date "1998.06.01"]
[Round "1"]
[White "Iskusnyh Sergei"]
[Black "Zakharevich Igor"]
[Result "1-0"]
[WhiteElo "2455"]
[BlackElo "2530"]
[PlyCount "49"]
[EventDate "1998.06.01"]

1. Nf3 d6 2. d4 Bg4 3. c4 Bxf3 4. exf3 c6 5. Nc3 g6 6. Be2 Bg7 7. Be3 Nd7 8.
Qd2 Ngf6 9. g4 h6 10. O-O d5 11. cxd5 Nxd5 12. Nxd5 cxd5 13. Rac1 h5 14. Rc3
hxg4 15. fxg4 e5 16. f4 Qh4 17. Rf2 exf4 18. Bxf4 O-O 19. g5 Nb6 20. b3 Rae8
21. Kg2 Rxe2 22. Rxe2 f6 23. Rh3 Qg4+ 24. Rg3 Qf5 25. Bd6 1-0

[Event "Maikop University"]
[Site "Maikop"]
[Date "1998.06.01"]
[Round "1"]
[White "Dokutchaev A"]
[Black "Lopushnoy Denis"]
[Result "1/2-1/2"]
[WhiteElo "2425"]
[BlackElo "2390"]
[PlyCount "40"]
[EventDate "1998.06.01"]

1. d4 Nf6 2. Nf3 e6 3. c4 Bb4+ 4. Bd2 Qe7 5. g3 Nc6 6. Nc3 O-O 7. Bg2 Bxc3 8.
Bxc3 Ne4 9. Rc1 d6 10. d5 Nd8 11. O-O f5 12. Nd2 Nxc3 13. Rxc3 e5 14. c5 Nf7
15. Qb3 b6 16. cxd6 cxd6 17. Rfc1 Bd7 18. e4 f4 19. Rc7 Rfc8 20. Bf1 Qd8
1/2-1/2

[Event "Maikop University"]
[Site "Maikop"]
[Date "1998.06.01"]
[Round "1"]
[White "Zarubin Pavel"]
[Black "Nevostrujev Vladimir"]
[Result "0-1"]
[WhiteElo "2445"]
[BlackElo "2410"]
[PlyCount "58"]
[EventDate "1998.06.01"]

1. d4 Nf6 2. c4 g6 3. Nc3 Bg7 4. e4 O-O 5. Nf3 d6 6. Be2 e5 7. O-O exd4 8. Nxd4
Re8 9. f3 Nc6 10. Be3 Nh5 11. f4 Nf6 12. Nxc6 bxc6 13. Bf3 Nxe4 14. Bxe4 d5 15.
Bf3 Rxe3 16. cxd5 Ba6 17. Rf2 Qe7 18. g3 Rd8 19. Kg2 Bc4 20. Qa4 cxd5 21. Rc1
Bd4 22. b3 Re1 23. Rcc2 Bxf2 24. Rxf2 Bf1+ 25. Rxf1 Rxf1 26. Nxd5 Qe1 27. Qd4
Rxd5 28. Bxd5 Qe2+ 29. Kh3 Rd1 0-1

[Event "Maikop University"]
[Site "Maikop"]
[Date "1998.06.01"]
[Round "1"]
[White "Gutov Andrey"]
[Black "Petrushin Alexander I"]
[Result "1-0"]
[WhiteElo "2250"]
[BlackElo "2425"]
[PlyCount "109"]
[EventDate "1998.06.01"]

1. d4 Nf6 2. c4 g6 3. Nc3 Bg7 4. e4 d6 5. Nf3 O-O 6. Be2 e5 7. Be3 Nbd7 8. d5
Ng4 9. Bg5 f6 10. Bd2 a5 11. a3 Nc5 12. b4 axb4 13. axb4 Rxa1 14. Qxa1 Nb3 15.
Qa3 Nxd2 16. Nxd2 Nh6 17. c5 f5 18. O-O fxe4 19. Ncxe4 Nf5 20. cxd6 cxd6 21.
Bg4 Bh6 22. Nc4 b5 23. Na5 Nd4 24. Bxc8 Qxc8 25. Qd3 Rf4 26. f3 Bf8 27. Nb3 Qc2
28. Nc1 Qb2 29. Qc3 Qxc3 30. Nxc3 Nc2 31. N1e2 Rxb4 32. Rc1 Ne3 33. Kf2 Nf5 34.
Ne4 Rb2 35. Rc7 Be7 36. g4 Bh4+ 37. Kg2 Rxe2+ 38. Kh3 Bd8 39. Rd7 Kf8 40. gxf5
Ke8 41. Rxh7 gxf5 42. Nxd6+ Kf8 43. Rh8+ Ke7 44. Nxf5+ Kd7 45. Rh7+ Ke8 46. Rb7
Bg5 47. Ng7+ Kd8 48. Ne6+ Kc8 49. Rc7+ Kb8 50. d6 Bf4 51. d7 Rxh2+ 52. Kg4 Rh8
53. Rc5 Rg8+ 54. Kf5 Be3 55. Rxb5+ 1-0

[Event "Maikop University"]
[Site "Maikop"]
[Date "1998.06.01"]
[Round "1"]
[White "Bratchenko Alexander"]
[Black "Arkhipov Sergey"]
[Result "0-1"]
[WhiteElo "2355"]
[BlackElo "2355"]
[PlyCount "108"]
[EventDate "1998.06.01"]

1. d4 Nf6 2. c4 g6 3. Nc3 Bg7 4. e4 d6 5. f3 O-O 6. Be3 a6 7. Nge2 Nbd7 8. Qd2
c5 9. d5 Qa5 10. Nc1 b5 11. cxb5 axb5 12. Nxb5 Qb6 13. a4 Ba6 14. Rb1 Rfc8 15.
Be2 Ne8 16. Na2 Nc7 17. Nac3 Bxb5 18. axb5 Qa5 19. O-O Qb4 20. Rfc1 Rcb8 21.
Bg5 Bd4+ 22. Kh1 f6 23. Bh6 Ne5 24. h4 Bf2 25. Kh2 Nf7 26. Be3 Bxh4 27. f4 f5
28. exf5 gxf5 29. Rh1 Bf6 30. Qd3 Nh6 31. Kg3 Bg7 32. Rxh6 Bxh6 33. Rh1 Bg7 34.
Qxf5 h6 35. Bd3 Qxb2 36. Qg6 Qxc3 37. Rxh6 Qxd3 38. Qxd3 Bxh6 39. Qg6+ Bg7 40.
f5 Ra3 41. Kf2 Rxe3 42. Kxe3 Nxd5+ 43. Kf3 Nc7 44. g4 Nxb5 45. Qe6+ Kf8 46. Qa2
Nd4+ 47. Ke4 Nc6 48. g5 Rb4+ 49. Kf3 Ne5+ 50. Ke3 Rb8 51. Qe6 Nf7 52. Qg6 Rb3+
53. Kf2 Bd4+ 54. Kg2 Be5 0-1

[Event "Maikop University"]
[Site "Maikop"]
[Date "1998.06.01"]
[Round "1"]
[White "Fedorov Alexei"]
[Black "Kobalija Mihail"]
[Result "1-0"]
[WhiteElo "2595"]
[BlackElo "2500"]
[PlyCount "47"]
[EventDate "1998.06.01"]

1. e4 c5 2. Nf3 d6 3. d4 cxd4 4. Nxd4 Nf6 5. Nc3 Nc6 6. Bc4 e6 7. Be3 a6 8. Qe2
Qc7 9. O-O-O Be7 10. Bb3 O-O 11. Rhg1 Nd7 12. g4 Nc5 13. Nf5 b5 14. Bd5 Bb7 15.
g5 Rfc8 16. Rg3 b4 17. Nxg7 Kxg7 18. Qh5 Rg8 19. Bxe6 bxc3 20. Bxf7 Qa5 21. Rh3
Kf8 22. Rf3 Ne5 23. Bd5+ Kg7 24. Rf7+ 1-0

[Event "Maikop University"]
[Site "Maikop"]
[Date "1998.06.01"]
[Round "1"]
[White "Notkin Maksim"]
[Black "Galkin Alexander"]
[Result "1/2-1/2"]
[WhiteElo "2505"]
[BlackElo "2565"]
[PlyCount "43"]
[EventDate "1998.06.01"]

1. d4 d5 2. c4 c6 3. Nc3 Nf6 4. Nf3 e6 5. Bg5 h6 6. Bh4 dxc4 7. e4 g5 8. Bg3 b5
9. Be2 Bb7 10. h4 g4 11. Ne5 h5 12. O-O Nbd7 13. Qc2 Nxe5 14. Bxe5 Rg8 15. Rad1
Nd7 16. Bg3 Qb6 17. b3 cxb3 18. axb3 Bb4 19. Na2 Be7 20. Nc3 Bb4 21. Na2 Be7
22. Nc3 1/2-1/2

[Event "Maikop University"]
[Site "Maikop"]
[Date "1998.06.01"]
[Round "1"]
[White "Korneev Oleg"]
[Black "Vorobiov Evgeny E"]
[Result "1/2-1/2"]
[WhiteElo "2560"]
[BlackElo "2475"]
[PlyCount "37"]
[EventDate "1998.06.01"]

1. e4 c5 2. Nf3 d6 3. d4 cxd4 4. Nxd4 Nf6 5. Nc3 a6 6. Be3 e6 7. f3 b5 8. Qd2
Bb7 9. O-O-O Nbd7 10. g4 h6 11. Bd3 Ne5 12. Rhe1 b4 13. Na4 d5 14. exd5 Nxd5
15. f4 Qa5 16. b3 Nxd3+ 17. Qxd3 O-O-O 18. Nxe6 fxe6 19. Bb6 1/2-1/2

[Event "Maikop University"]
[Site "Maikop"]
[Date "1998.06.01"]
[Round "1"]
[White "Vlassov Nikolai"]
[Black "Tregubov Pavel V"]
[Result "1/2-1/2"]
[WhiteElo "2440"]
[BlackElo "2560"]
[PlyCount "74"]
[EventDate "1998.06.01"]

1. e4 c5 2. c3 d6 3. d4 Nf6 4. Bd3 g6 5. Ne2 Bg7 6. O-O O-O 7. f4 Qb6 8. Nd2
cxd4 9. cxd4 Nc6 10. Nc4 Qc7 11. Ne3 Qb6 12. e5 dxe5 13. fxe5 Ng4 14. Nd5 Qd8
15. Be4 Nh6 16. Bg5 Bg4 17. Rc1 Nf5 18. Rxf5 gxf5 19. Rxc6 f6 20. Nxe7+ Qxe7
21. Bd5+ Kh8 22. Re6 Qd8 23. Rd6 Qc7 24. Bf4 fxe5 25. dxe5 Rfe8 26. e6 Rad8 27.
Qc1 Bd4+ 28. Kh1 Qxc1+ 29. Nxc1 Rxd6 30. Bxd6 Bf6 31. Nd3 Kg7 32. Nc5 f4 33. h3
b6 34. Bc6 Rc8 35. Bd7 Rxc5 36. Bxc5 Bxe6 37. Bxe6 bxc5 1/2-1/2

[Event "Maikop University"]
[Site "Maikop"]
[Date "1998.06.01"]
[Round "1"]
[White "Poluljahov Aleksandr"]
[Black "Gagarin Vasilij"]
[Result "1-0"]
[WhiteElo "2505"]
[BlackElo "2415"]
[PlyCount "105"]
[EventDate "1998.06.01"]

1. e4 c5 2. Nf3 Nc6 3. Bb5 g6 4. O-O Bg7 5. Re1 e5 6. Bxc6 dxc6 7. d3 Qe7 8. a3
Nf6 9. b4 O-O 10. Bd2 Nd7 11. Bc3 Rd8 12. h3 f6 13. Nbd2 Nb6 14. Nb3 Na4 15.
Bd2 Be6 16. Na5 Qc7 17. Qc1 b6 18. Nb3 cxb4 19. axb4 b5 20. d4 exd4 21. Nbxd4
Bc4 22. Bh6 Bh8 23. Bf4 Qb6 24. Be3 Qb7 25. Nb3 Bf7 26. Nc5 Nxc5 27. Bxc5 Re8
28. Bd4 c5 29. bxc5 Rxe4 30. Rxe4 Qxe4 31. Ra6 Qe7 32. Qb2 Bc4 33. h4 Bg7 34.
h5 gxh5 35. Qc3 Rc8 36. Rd6 Rd8 37. Nh4 Rxd6 38. Nf5 Qe6 39. Nxd6 Bf8 40. Nxc4
bxc4 41. Qf3 h4 42. Kf1 a5 43. c6 Bb4 44. g3 Bd6 45. gxh4 Kg7 46. Bb6 a4 47. c7
a3 48. Qb7 Qh3+ 49. Ke2 Qg4+ 50. f3 Qe6+ 51. Be3 Bxc7 52. Qxc7+ Kg6 53. h5+ 1-0

[Event "Maikop University"]
[Site "Maikop"]
[Date "1998.06.01"]
[Round "1"]
[White "Dyachkov Sergej"]
[Black "Svidler Peter"]
[Result "0-1"]
[WhiteElo "2510"]
[BlackElo "2690"]
[PlyCount "100"]
[EventDate "1998.06.01"]

1. d4 Nf6 2. c4 g6 3. Nc3 d5 4. Nf3 Bg7 5. Qb3 dxc4 6. Qxc4 O-O 7. e4 a6 8. Bf4
b5 9. Qxc7 Qxc7 10. Bxc7 Bb7 11. Bd3 b4 12. Na4 Nxe4 13. O-O Nf6 14. Ne5 Nc6
15. Nc5 Rfc8 16. Nxc6 Bxc6 17. Be5 Bb5 18. Rfd1 Bxd3 19. Nxd3 Nd5 20. Bxg7 Kxg7
21. Rac1 a5 22. Kf1 Rd8 23. Rc5 e6 24. Rb5 Ra7 25. Ne5 Rd6 26. Rc1 Ne7 27. Rcc5
Rxd4 28. Rxa5 Rxa5 29. Rxa5 Kf6 30. Rb5 Nd5 31. Nf3 Rd1+ 32. Ne1 Rb1 33. g3 Kf5
34. Rb7 f6 35. b3 h5 36. Rb5 Ke4 37. Rc5 Ra1 38. Rc4+ Kf5 39. Rc2 Nc3 40. a4
Rb1 41. a5 Ra1 42. Rd2 e5 43. Rd6 Nb5 44. Rd8 Nd4 45. a6 g5 46. Kg2 g4 47. a7
Rxa7 48. Nd3 Ra1 49. Rc8 Rd1 50. Nb2 Rb1 0-1

[Event "Maikop University"]
[Site "Maikop"]
[Date "1998.06.01"]
[Round "1"]
[White "Iljushin Alexei"]
[Black "Epishin Vladimir"]
[Result "1/2-1/2"]
[WhiteElo "2460"]
[BlackElo "2590"]
[PlyCount "67"]
[EventDate "1998.06.01"]

1. d4 Nf6 2. c4 e6 3. Nf3 b6 4. g3 Ba6 5. b3 Bb4+ 6. Bd2 Be7 7. Bg2 c6 8. Bc3
d5 9. Nbd2 O-O 10. Ne5 Bb7 11. O-O Nbd7 12. e4 a5 13. Re1 Nxe5 14. dxe5 Nxe4
15. Nxe4 dxe4 16. Bxe4 Qxd1 17. Rexd1 Rfd8 18. Kf1 Rxd1+ 19. Rxd1 Rd8 20. Rxd8+
Bxd8 21. Ke2 Kf8 22. a3 g6 23. b4 axb4 24. axb4 Ke8 25. Kd3 Kd7 26. h4 Be7 27.
f4 Kc7 28. Ke3 Ba6 29. Kd3 b5 30. c5 Bxc5 31. bxc5 b4+ 32. Kd4 bxc3 33. Kxc3
Be2 34. Kb4 1/2-1/2

[Event "Maikop University"]
[Site "Maikop"]
[Date "1998.06.01"]
[Round "1"]
[White "Ivanov Sergey"]
[Black "Dmitriev Igor"]
[Result "1-0"]
[WhiteElo "2570"]
[BlackElo "2405"]
[PlyCount "121"]
[EventDate "1998.06.01"]

1. d4 d6 2. c4 Nf6 3. Nc3 Nbd7 4. e4 e5 5. Nf3 Be7 6. Be2 O-O 7. O-O a6 8. Be3
c6 9. d5 cxd5 10. cxd5 b5 11. Nd2 Nb6 12. a4 bxa4 13. Nxa4 Nxa4 14. Rxa4 Bd7
15. Ra3 Qb8 16. Rb3 Qc8 17. Qb1 Ba4 18. Rc1 Qd7 19. Rbc3 Rfb8 20. b3 Qe8 21.
Qc2 Bd7 22. Nc4 Qd8 23. f3 Ne8 24. Ra1 a5 25. g3 Bg5 26. Bxg5 Qxg5 27. Rxa5 Bh3
28. b4 Qd8 29. Rca3 Rxa5 30. bxa5 Qc7 31. Ne3 Qa7 32. Kf2 g6 33. g4 f5 34. Kg3
Bxg4 35. fxg4 f4+ 36. Kg2 fxe3 37. Qc3 Ra8 38. a6 Nc7 39. Qxe3 Qxe3 40. Rxe3
Nxa6 41. Ra3 Nc7 42. Rc3 Ra2 43. Kf3 Ra7 44. Rc6 Ne8 45. g5 Kf8 46. Rc8 Rb7 47.
Bd1 Ra7 48. Rb8 Kf7 49. Be2 Ra3+ 50. Kf2 Ra2 51. Rb7+ Kg8 52. Rd7 Rb2 53. h4
Rc2 54. Ke3 Rb2 55. h5 gxh5 56. Rd8 Rxe2+ 57. Kxe2 Kf7 58. Kf3 Ke7 59. Rb8 Kf7
60. Kg3 Ng7 61. Kh4 1-0

[Event "Maikop University"]
[Site "Maikop"]
[Date "1998.06.01"]
[Round "1"]
[White "Rodin Mihail"]
[Black "Ionov Sergey"]
[Result "0-1"]
[WhiteElo "2390"]
[BlackElo "2530"]
[PlyCount "90"]
[EventDate "1998.06.01"]

1. e4 c5 2. Nf3 Nc6 3. d4 cxd4 4. Nxd4 Qc7 5. Nc3 e6 6. Be3 a6 7. Bd3 Nf6 8.
Qe2 Bd6 9. O-O-O O-O 10. g3 Be7 11. f4 d6 12. h3 Nd7 13. g4 Nc5 14. g5 b5 15.
Nxc6 Qxc6 16. Bxc5 Qxc5 17. e5 Bb7 18. Ne4 Bxe4 19. Qxe4 g6 20. h4 dxe5 21.
fxe5 Rad8 22. Kb1 Rd5 23. Rde1 Qd4 24. Qe2 Bb4 25. Reg1 Rxe5 26. Qd1 Be7 27.
Rg4 Qe3 28. Rg2 Rd8 29. Qf1 Bf8 30. Rf2 Rd7 31. h5 Rxg5 32. hxg6 hxg6 33. Rf3
Qe5 34. c3 Bg7 35. Rfh3 Rg3 36. Rxg3 Qxg3 37. Rh3 Qe5 38. Qh1 Rd8 39. a3 a5 40.
Qb7 Rb8 41. Qa7 b4 42. Re3 Qf4 43. Re4 Qg3 44. Re3 Qf4 45. Re4 Qd6 0-1

[Event "Maikop University"]
[Site "Maikop"]
[Date "1998.06.01"]
[Round "1"]
[White "Solozhenkin Evgeniy"]
[Black "Lobach Pavel V"]
[Result "1/2-1/2"]
[WhiteElo "2500"]
[BlackElo "2395"]
[PlyCount "93"]
[EventDate "1998.06.01"]

1. d4 e6 2. c4 f5 3. g3 Nf6 4. Bg2 c6 5. Nh3 d5 6. O-O Bd6 7. Qc2 O-O 8. Bf4
Be7 9. Rd1 h6 10. f3 Nbd7 11. cxd5 Nxd5 12. e4 Nxf4 13. Nxf4 Nb6 14. Qb3 Qd6
15. Ng6 Rf7 16. Nc3 Qb4 17. Nxe7+ Qxe7 18. a4 fxe4 19. fxe4 Nd7 20. e5 Nb6 21.
Ne4 Nd5 22. Rf1 Rxf1+ 23. Rxf1 b6 24. Nd6 Ba6 25. Rf2 Rf8 26. Rxf8+ Qxf8 27.
Qc2 Ne3 28. Qxc6 Bf1 29. Bf3 Bh3 30. Qc8 Nc2 31. d5 Nd4 32. Bh5 Qxc8 33. Nxc8
exd5 34. Ne7+ Kf8 35. Nxd5 Bd7 36. Bd1 Kf7 37. Nf4 g5 38. Nd3 Bc6 39. Kf2 Ke6
40. Bg4+ Kd5 41. Nb4+ Kxe5 42. Nxc6+ Nxc6 43. Ke3 Na5 44. Kd3 Nb7 45. b4 Nd6
46. Bf3 Nf5 47. Bg4 1/2-1/2

[Event "Maikop University"]
[Site "Maikop"]
[Date "1998.06.01"]
[Round "1"]
[White "Ulibin Mikhail"]
[Black "Rublevsky Sergei"]
[Result "1/2-1/2"]
[WhiteElo "2575"]
[BlackElo "2665"]
[PlyCount "39"]
[EventDate "1998.06.01"]

1. d4 d5 2. c4 dxc4 3. e3 e6 4. Bxc4 c5 5. Nf3 a6 6. Qe2 b5 7. Bd3 cxd4 8. exd4
Nf6 9. O-O Be7 10. a4 bxa4 11. Rxa4 O-O 12. Nc3 Bb7 13. Bg5 Nc6 14. Rd1 a5 15.
Bxf6 Bxf6 16. d5 exd5 17. Nxd5 g6 18. Bb5 Na7 19. Bc4 Nc6 20. Bb5 1/2-1/2

[Event "Maikop University"]
[Site "Maikop"]
[Date "1998.06.01"]
[Round "1"]
[White "Kharlov Andrei"]
[Black "Shariyazdanov Andrey"]
[Result "1-0"]
[WhiteElo "2560"]
[BlackElo "2495"]
[PlyCount "79"]
[EventDate "1998.06.01"]

1. e4 c5 2. Nf3 Nc6 3. c3 d5 4. exd5 Qxd5 5. d4 Bg4 6. Be2 e6 7. h3 Bh5 8. c4
Qd7 9. g4 Bg6 10. d5 Nd4 11. Nxd4 cxd4 12. Qxd4 Nf6 13. Nc3 Bb4 14. O-O O-O 15.
Bf3 Rac8 16. g5 Ne8 17. Bg4 Nd6 18. dxe6 fxe6 19. b3 Qf7 20. Qe5 Bf5 21. Bb2
Qg6 22. f4 Nf7 23. Qe2 e5 24. Nd5 Bc5+ 25. Kh1 Rce8 26. Bxf5 Qxf5 27. Qg2 Qg6
28. b4 Bd6 29. c5 Bb8 30. Rae1 Kh8 31. Re2 exf4 32. Nxf4 Bxf4 33. Rxf4 Rxe2 34.
Qxe2 Rd8 35. Rd4 Rf8 36. h4 Ne5 37. Rd6 Qb1+ 38. Rd1 Qf5 39. Bxe5 Qh3+ 40. Kg1
1-0

[Event "Maikop University"]
[Site "Maikop"]
[Date "1998.06.01"]
[Round "1"]
[White "Totsky Leonid"]
[Black "Yandemirov Valeri"]
[Result "1/2-1/2"]
[WhiteElo "2490"]
[BlackElo "2545"]
[PlyCount "97"]
[EventDate "1998.06.01"]

1. e4 e5 2. Nf3 Nc6 3. d4 exd4 4. Nxd4 Nf6 5. Nxc6 bxc6 6. e5 Qe7 7. Qe2 Nd5 8.
c4 Ba6 9. g3 g6 10. b3 Bg7 11. Bb2 O-O 12. Bg2 Rae8 13. O-O Bxe5 14. Bxe5 Qxe5
15. Qxe5 Rxe5 16. cxd5 Bxf1 17. Kxf1 cxd5 18. Nc3 c6 19. Bf3 Rb8 20. Rc1 Kf8
21. Na4 Ke8 22. Nb2 Kd8 23. Nd3 Re8 24. Rc5 Ra8 25. b4 a5 26. b5 Re6 27. a4 Rb8
28. Kg2 cxb5 29. Rxd5 bxa4 30. Rxa5 Rd6 31. Nc5 Rd2 32. Rxa4 Rbb2 33. Ne4 Ra2
34. Rxa2 Rxa2 35. Nc3 Ra5 36. Nd5 Ke8 37. g4 h6 38. h4 Kf8 39. g5 hxg5 40. hxg5
Ra4 41. Kg3 Rd4 42. Bg2 Ra4 43. f4 Ra3+ 44. Kg4 Ra5 45. Be4 Ra3 46. f5 gxf5+
47. Bxf5 d6 48. Be4 Ra1 49. Kf4 1/2-1/2

[Event "Maikop University"]
[Site "Maikop"]
[Date "1998.06.01"]
[Round "1"]
[White "Hasangatin Ramil"]
[Black "Vokarev Sergey"]
[Result "1-0"]
[WhiteElo "2460"]
[BlackElo "2485"]
[PlyCount "125"]
[EventDate "1998.06.01"]

1. e4 c5 2. Nf3 g6 3. Bc4 Bg7 4. O-O Nc6 5. c3 e6 6. d4 cxd4 7. cxd4 d5 8. exd5
exd5 9. Bb5 Nge7 10. Bg5 f6 11. Bxc6+ Nxc6 12. Re1+ Kf7 13. Bf4 Bg4 14. Nc3 Qd7
15. Nb5 Bf8 16. h3 Bxf3 17. Qxf3 Bb4 18. Nd6+ Kg7 19. Qxd5 Bxd6 20. Qxd6 Rhd8
21. Qxd7+ Rxd7 22. Be3 Kf7 23. Rac1 Rad8 24. Red1 Ke7 25. Rc4 Rd6 26. Kf1 a6
27. a4 b5 28. axb5 axb5 29. Rc5 Nxd4 30. Bxd4 Rxd4 31. Rxd4 Rxd4 32. Rxb5 Rd2
33. g4 g5 34. Kg2 Ke6 35. Rb7 h6 36. b3 Rd3 37. b4 Rb3 38. Rb8 Kf7 39. b5 Kg6
40. b6 Kg7 41. Kh2 Rf3 42. Kg2 Rb3 43. f3 Rb2+ 44. Kf1 Rb1+ 45. Ke2 Rb3 46. Kd2
Rxf3 47. Kc2 Rf2+ 48. Kc3 Rf1 49. Rd8 Rb1 50. Rd6 Kf7 51. Kc4 Ke7 52. Rc6 Rb2
53. Kc5 Rb3 54. Rc7+ Ke6 55. b7 Ke5 56. Rf7 Ke6 57. Rh7 Ke5 58. Kc6 f5 59. gxf5
Rc3+ 60. Kd7 Rd3+ 61. Kc8 Rc3+ 62. Rc7 Rb3 63. Rc6 1-0

[Event "Maikop University"]
[Site "Maikop"]
[Date "1998.06.02"]
[Round "2"]
[White "Rashkovsky Nukhim N"]
[Black "Khalifman Alexander"]
[Result "1/2-1/2"]
[WhiteElo "2505"]
[BlackElo "2660"]
[PlyCount "29"]
[EventDate "1998.06.01"]

1. d4 g6 2. Nf3 Bg7 3. g3 c5 4. c3 Qa5 5. Nbd2 cxd4 6. Nb3 Qb6 7. cxd4 Nf6 8.
Bg2 O-O 9. O-O d6 10. Re1 Bf5 11. Nh4 Be4 12. f3 Bc6 13. e4 Ba4 14. Be3 Na6 15.
Bh3 1/2-1/2

[Event "Maikop University"]
[Site "Maikop"]
[Date "1998.06.02"]
[Round "2"]
[White "Epishin Vladimir"]
[Black "Vaulin Alexander"]
[Result "0-1"]
[WhiteElo "2590"]
[BlackElo "2535"]
[PlyCount "122"]
[EventDate "1998.06.01"]

1. d4 d5 2. c4 dxc4 3. e4 Nc6 4. Be3 Nf6 5. Nc3 e5 6. d5 Na5 7. Nf3 Bd6 8. Qa4+
Bd7 9. Qxa5 a6 10. Bc5 b6 11. Bxd6 bxa5 12. Ba3 Rb8 13. Nxe5 Rb4 14. Bxc4 O-O
15. b3 Re8 16. f4 g5 17. g3 gxf4 18. gxf4 Rxe5 19. Rg1+ Ng4 20. fxe5 Qh4+ 21.
Rg3 Qxh2 22. Ne2 Qh1+ 23. Rg1 Qxe4 24. Bxb4 axb4 25. e6 fxe6 26. dxe6 Bxe6 27.
Rc1 h5 28. Bxe6+ Qxe6 29. Rxc7 Qe5 30. Rc1 a5 31. Rg3 Kh7 32. Rd3 Kh6 33. Rc4
Qa1+ 34. Kd2 Qxa2+ 35. Rc2 Qb1 36. Rd6+ Kg5 37. Rd5+ Kh4 38. Nf4 Nf6 39. Rd4
Ng4 40. Rd3 Nf6 41. Rd4 Qxb3 42. Ng2+ Kg5 43. Ne3 Qe6 44. Kd3 Qa6+ 45. Nc4 Qb5
46. Re2 Ng4 47. Rd6 Qc5 48. Ree6 Nf2+ 49. Ke2 Qxc4+ 50. Kxf2 b3 51. Rb6 a4 52.
Ke3 Qc3+ 53. Ke4 b2 54. Rb5+ Kh4 55. Reb6 a3 56. Rb4 Qe1+ 57. Kd3+ Kh3 58. Rb3
Kh2 59. R6b4 Qd1+ 60. Kc4 Qg4+ 61. Kb5 Kh1 0-1

[Event "Maikop University"]
[Site "Maikop"]
[Date "1998.06.02"]
[Round "2"]
[White "Shariyazdanov Andrey"]
[Black "Ivanov Sergey"]
[Result "1/2-1/2"]
[WhiteElo "2495"]
[BlackElo "2570"]
[PlyCount "43"]
[EventDate "1998.06.01"]

1. d4 Nf6 2. c4 e6 3. Nc3 Bb4 4. Qc2 O-O 5. a3 Bxc3+ 6. Qxc3 b6 7. Bg5 d6 8. e3
Nbd7 9. Nf3 c5 10. dxc5 bxc5 11. Bd3 Bb7 12. Nd2 Qb6 13. O-O a5 14. Rfd1 Rac8
15. Qc2 h6 16. Bh4 Rfe8 17. Rab1 d5 18. cxd5 exd5 19. Bf1 Ba6 20. Bxa6 Qxa6 21.
Bxf6 Nxf6 22. Rbc1 1/2-1/2